Welcome to the Holygrace Academy Library

Please use search bar below to get started

CUET - MATHEMATICS PRACTICE PAPER (Record no. 8939)

MARC details
000 -LEADER
fixed length control field 00366nam a22001337a 4500
082 ## - DEWEY DECIMAL CLASSIFICATION NUMBER
Classification number 510
Item number SIN/C
100 ## - MAIN ENTRY--AUTHOR NAME
Personal name SINGH, RAHUL
245 ## - TITLE STATEMENT
Title CUET - MATHEMATICS PRACTICE PAPER
246 ## - VARYING FORM OF TITLE
Title proper/short title CUET - MATHEMATICS PRACTICE PAPER
Remainder of title CUET - MATHEMATICS PRACTICE PAPER
260 ## - PUBLICATION, DISTRIBUTION, ETC. (IMPRINT)
Place of publication NEW DELHI
Name of publisher INTER UNIVERSITY PRESS
Year of publication 2024
300 ## - PHYSICAL DESCRIPTION
Number of Pages 96
650 ## - SUBJECT ADDED ENTRY--TOPICAL TERM
Topical Term MATHEMATICS
942 ## - ADDED ENTRY ELEMENTS (KOHA)
Koha item type Books
Holdings
Withdrawn status Lost status Collection code Home library Current library Shelving location Date acquired Source of acquisition Cost, normal purchase price Full call number Accession Number Koha item type
    Reference Main Library Main Library NEW SHELF WITH NEW ENTRY 05/09/2024 PURCHASED 350.00 510 SIN/C 13702 Books